Регионална библиотека "Любен Каравелов" - Русе

Лудетина (Запис номер 34933)

MARC детайли
000 -Лидер
Контролно поле с фиксирана дължина 01320nam a2200337 c 4500
003 - Код на организацията, давaща контролен номер
Контролно поле BLK
005 - Дата и час на последна редакция
Контролно поле 20180422100332.0
008 - Елементи от данни с фиксирана дължина
fixed length control field 180408b bul|||||r ||||||| ||bul||
010 ## - Наследен системен номер
LC control number KNG00037644000
020 ## - Международен стандартен номер на книга ISBN
Международен стандартен номер на книга ISBN 954-585-200-3
-- издат.: Бард
040 ## - Източник на каталожния запис
Идентификатор на билиотеката - собственик на записа BLK
041 ## - Код за език
Код за езика на текст/звукозапис или на отделно заглавие Български
Код за езика КДБФ Български
080 ## - УДК
Текстов определител УДК Американска литература (на САЩ)
УДК код - определител по УДК 821.111(73)
УДК определител -31
УДК - код + определител 821.111(73)-31
100 1# - Редна дума - Автор
Автор Хенли, Вирджиния
Авторска отговорност първи автор
R(LIN) 136799
139 ## - Редно поле
Редна дума Хенли, Вирджиния
Авторски знак Хен - Х 42
245 10 - Сведения за заглавието
Заглавие Лудетина
Подзаглавни данни Роман
Редно поле (дума) Вирджиния Хенли; прев. Диана Кутева; прев. Стамен Димов Стойчев.
257 ## - Страна на издаване
Страна на създаване/издаване Съединени американски щати
260 ## - Област на издателските данни
-- София
Име на издателя, разпространителя и проч. Бард
Година на издаване 2001
Печатница Хасково : Полиграфюг
300 ## - Физическа характеристика
Страници 525 с.
Размери/Мащаб 20 см
380 ## - Жанр
Жанр Худож. лит.
490 1# - СЕРИИ (Колекции)
Име на серия Исторически любовни романи
№: серия 113
500 ## - Общи забележки
Забележка Ориг. загл. Tempted / Virdginia Henley. - Офс. изд.
653 ## - Ключова дума – ненормативна
Ключова дума романтична проза
700 1# - Други автори (авторска отговорност)
Лично име Кутева, Диана
Автороска отговорност (Описва отношението между автора и произведението) прев.
9 (RLIN) 364219
700 1# - Други автори (авторска отговорност)
Лично име Стойчев, Стамен Димов
Автороска отговорност (Описва отношението между автора и произведението) прев.
9 (RLIN) 364706
852 ## - Местоположение
Форматна сигнатура Цб 209649
856 4# - Електронен адрес и достъп
Електронен формат pdf - файл
Път до файла /url/
856 4# - Електронен адрес и достъп
Електронен формат pdf - файл
Път до файла /url/
942 ## - АРТИКУЛИ
Вид на библиотечния материал Книги
Скрит в OPAC Не
944 ## - СЪЗДАВАНЕ И РЕДАКЦИЯ на ЗАПИСА
Създаване/Редакция Създаване
Дата на регистрацията/редакция 15.01.2003
Служител, извършил регистрацията/редакцията Людмила_Стоянова
944 ## - СЪЗДАВАНЕ И РЕДАКЦИЯ на ЗАПИСА
Създаване/Редакция Редакция
Дата на регистрацията/редакция 01.12.2003
Служител, извършил регистрацията/редакцията
999 ## - СИСТЕМНИ КОНТРОЛНИ НОМЕРА
Koha biblionumber 34933
Koha biblioitemnumber 34933
Наличности
Код за отписване Код за изгубен артикул Източник на класификационната схема Код за повреда Коз за рестрикции Код за отдаване Артикулен № Име на библиотеката - собственик Име на библиотеката, в която се намира в момента Статус (Текущо местоположение) Дата на вписване в системата Местоположение - отдел Цена в лева Инвентарен номер Систематично азбучна сигнатура Баркод Номер на екземпляра Цена в евро Служебна бележка Служебен тип на артикула
  Не е изгубен Universal Decimal Classification Не е повреден без рестрикции ползва се в читалня 55302 Регионална библиотека "Любен Каравелов" Русе Регионална библиотека "Любен Каравелов" Русе Хранилище 2001-01-01 Хранилище 5.20 666945 Цб 209649 120000666945 1 2.66 Дост: Dp Вид: Д N: 31 Дата: 01.01.2001 Книги
Vip Innovations Ltd, Rousse, Bulgaria 2025